00806nam a22002297a 45000010005000000030006000050050017000110080041000280200018000690400029000870500014001160820012001301000029001422450071001712600043002423000048002855050007003335200159003405210018004995210018005176500041005358867FISKH20251117135335.0251024b cb ||||| |||| 00| 0 eng d a9780516273761 aFISKHbengcFISKHdFISKH aE176 .M19 a394.261 aMarx, David F. eAuthor  aPresidents' day :bRookie read-about holidays /cBy David F. Marx  aNew York : bChildren's Press , c2002 a31 pages : bcolor illustrations ; c18 cm  aP  aDiscusses the holiday known as Presidents' Day and the significant achievements of those presidents whom it honors, George Washington and Abraham Lincoln.8 a630 bLexile 8 aP bRaz-Plus  aHolidaysvFebruary - President's day